[Event "Mogliano Veneto op-B 32nd"]
[Site "Mogliano Veneto"]
[Date "2011.05.01"]
[Round "5"]
[White "Fracasso Pezzolato, Michele"]
[Black "Borghi, Bruno"]
[Result "1-0"]
[WhiteElo "1810"]
[BlackElo "1628"]
[PlyCount "57"]
[EventDate "2011.04.29"]
[EventType "swiss"]
[EventRounds "5"]
[EventCountry "ITA"]
[SourceTitle "EXT 2024"]
[Source "ChessBase"]
[SourceDate "2023.10.10"]
[SourceVersion "1"]
[SourceVersionDate "2023.10.10"]
[SourceQuality "1"]

1. e4 e5 2. Nf3 Nc6 3. Bb5 a6 4. Ba4 Nf6 5. 0-0 Be7 6. Re1 b5 7. Bb3 0-0 8. h3 d6 9. c3 Na5 10. Bc2 c5 11. d4 Nc6 12. d5 Nb8 13. Nbd2 Re8 14. Nf1 Bf8 15. Ng3 g6 16. a4 bxa4 17. Bxa4 Bd7 18. c4 Bg7 19. Bd2 Bxa4 20. Rxa4 Nbd7 21. Qc2 Nb6 22. Ra3 Nfd7 23. Rea1 Qc8 24. b3 f5 25. exf5 e4 26. Nxe4 Rxe4 27. Qxe4 Bxa1 28. Qe6+ Kh8 29. Rxa1 1-0

[Event "Mogliano Veneto op-B 32nd"]
[Site "Mogliano Veneto"]
[Date "2011.04.30"]
[Round "2"]
[White "Borghi, Bruno"]
[Black "Rizzo, Giuseppe"]
[Result "1-0"]
[WhiteElo "1628"]
[BlackElo "1754"]
[PlyCount "46"]
[EventDate "2011.04.29"]
[EventType "swiss"]
[EventRounds "5"]
[EventCountry "ITA"]
[SourceTitle "EXT 2024"]
[Source "ChessBase"]
[SourceDate "2023.10.10"]
[SourceVersion "1"]
[SourceVersionDate "2023.10.10"]
[SourceQuality "1"]

1. e4 Nf6 2. Nc3 d5 3. exd5 Nxd5 4. Nxd5 Qxd5 5. d4 Nc6 6. Nf3 Bg4 7. Be2 0-0-0 8. c3 e5 9. Be3 exd4 10. Bxd4 Nxd4 11. Nxd4 Bxe2 12. Qxe2 Bc5 13. 0-0 g6 14. Rfd1 Rhe8 15. Qc2 Qh5 16. Nf3 Bd6 17. h3 Re7 18. Re1 Rde8 19. Rxe7 Rxe7 20. Qd2 Rd7 21. Qe3 Re7 22. Qxa7 Qb5 23. b3 Re2 1-0

[Event "Mogliano Veneto op-C 31st"]
[Site "Mogliano Veneto"]
[Date "2010.04.30"]
[Round "1"]
[White "Borghi, Bruno"]
[Black "Lorenzon, Luigi"]
[Result "0-1"]
[WhiteElo "1523"]
[BlackElo "1440"]
[PlyCount "74"]
[EventDate "2010.04.30"]
[EventType "swiss"]
[EventRounds "5"]
[EventCountry "ITA"]
[SourceTitle "EXT 2023"]
[Source "ChessBase"]
[SourceDate "2022.10.05"]
[SourceVersion "1"]
[SourceVersionDate "2022.10.05"]
[SourceQuality "1"]

1. e4 c5 2. d4 cxd4 3. c3 d6 4. cxd4 Nf6 5. Nc3 a6 6. Nf3 e6 7. Be2 Be7 8. Be3 b5 9. a3 Bb7 10. e5 dxe5 11. dxe5 Nfd7 12. 0-0 0-0 13. Qc2 Nc6 14. Rad1 Qc7 15. Bf4 Ndxe5 16. Kh1 f6 17. Qb3 Qc8 18. Rfe1 Kh8 19. Bf1 Nxf3 20. gxf3 e5 21. Nd5 Nd4 22. Rxd4 Bc5 23. Rd2 exf4 24. Nxf4 Qg4 25. Nd5 Qf5 26. Bg2 Rad8 27. Red1 Qh5 28. Nf4 Qh4 29. Rxd8 Qxf4 30. Rxf8+ Bxf8 31. Qf7 Qb8 32. Rd7 Bc6 33. Rc7 Qd8 34. Bf1 Bxf3+ 35. Kg1 Qa8 36. Qd7 Qe4 37. Rc8 Qg6+ 0-1

[Event "Montebelluna op-B 5th"]
[Site "Montebelluna"]
[Date "2007.03.11"]
[Round "4"]
[White "Borghi, Bruno"]
[Black "Fragni, Enrico"]
[Result "0-1"]
[WhiteElo "1592"]
[BlackElo "1824"]
[PlyCount "186"]
[EventDate "2007.03.09"]
[EventType "swiss"]
[EventRounds "5"]
[EventCountry "ITA"]
[SourceTitle "EXT 2008"]
[Source "ChessBase"]
[SourceDate "2007.11.25"]
[SourceVersion "1"]
[SourceVersionDate "2007.11.25"]
[SourceQuality "1"]

1. e4 c6 2. d4 d6 3. Nf3 Bg4 4. Nc3 Nd7 5. Be2 e5 6. dxe5 dxe5 7. 0-0 Be7 8. Be3 Ngf6 9. Qd2 0-0 10. Rad1 Qc7 11. Ng5 h6 12. Bxg4 hxg5 13. Bxg5 Nc5 14. Bxf6 Bxf6 15. Qe3 Qe7 16. a3 Bg5 17. Qh3 Rad8 18. Bf5 g6 19. Bg4 Kg7 20. Rxd8 Rxd8 21. Rd1 Rh8 22. Qf3 Bf4 23. g3 Bh6 24. Qe2 Rd8 25. Rxd8 Qxd8 26. Qd1 Qd4 27. Qf3 a5 28. h4 Bd2 29. h5 Bxc3 30. bxc3 Qxe4 31. hxg6 Qxf3 32. Bxf3 Kxg6 33. Kf1 f5 34. Ke2 Kg5 35. Ke3 Na4 36. c4 Nb2 37. Be2 Kf6 38. Kd2 Ke6 39. Kc3 Na4+ 40. Kd2 Kd6 41. g4 fxg4 42. Bxg4 Kc5 43. Bc8 b6 44. Ke3 Nb2 45. Be6 Kd6 46. Bg8 Ke7 47. Ke4 Kf6 48. f4 exf4 49. Kxf4 Na4 50. Ke4 Nc5+ 51. Kd4 Ne6+ 52. Ke4 Ke7 53. Ke5 Nc5 54. Bh7 Nd7+ 55. Kd4 Kd6 56. Bf5 Nf6 57. Bd3 Nd7 58. Bf5 Nc5 59. Bd3 Ne6+ 60. Kc3 Kc5 61. Bf5 Nd4 62. Bd3 Nf3 63. Be4 Ne5 64. Bh7 Nxc4 65. Be4 Nxa3 66. Kb3 Nb5 67. Bg2 Nd4+ 68. Kc3 Ne2+ 69. Kb3 b5 70. Bf1 Nd4+ 71. Kb2 Kb6 72. c4 Kc5 73. cxb5 cxb5 74. Kc3 Nc6 75. Kb3 Nd4+ 76. Kc3 Nf3 77. Kc2 Kb4 78. Kb2 a4 79. Be2 Nd4 80. Bf1 Ka5 81. Kc3 Nc6 82. Bg2 Ne5 83. Bd5 b4+ 84. Kc2 Kb5 85. Bg8 Kc5 86. Be6 Kd4 87. Bg8 Nc4 88. Bf7 b3+ 89. Kb1 Kc3 90. Bg6 a3 91. Bh7 Nb2 92. Ka1 Nd3 93. Bg6 Kc2 0-1

[Event "Treviso op-B 27th"]
[Site "Treviso"]
[Date "2003.12.08"]
[Round "4.17"]
[White "Borghi, Bruno"]
[Black "Zannol, Roberto"]
[Result "0-1"]
[WhiteElo "1567"]
[BlackElo "1600"]
[PlyCount "62"]
[EventDate "2003.12.06"]
[EventType "swiss"]
[EventRounds "5"]
[EventCountry "ITA"]
[SourceTitle "EXT 2024"]
[Source "ChessBase"]
[SourceDate "2023.10.10"]
[SourceVersion "1"]
[SourceVersionDate "2023.10.10"]
[SourceQuality "1"]

1. e4 c6 2. d4 d5 3. exd5 cxd5 4. Nf3 Bg4 5. Be2 Nf6 6. Bf4 e6 7. 0-0 Be7 8. Nc3 Nc6 9. Re1 0-0 10. a3 Bxf3 11. Bxf3 Qb6 12. Ne2 Qxb2 13. Rb1 Qxa3 14. Rxb7 Na5 15. Bc1 Qd6 16. Bf4 Qd8 17. Rb5 Nc4 18. Qd3 a5 19. Ra1 Qd7 20. Qb3 Bb4 21. Rxb4 axb4 22. Rb1 Qa4 23. Qd3 Rfc8 24. Nc1 Na5 25. Nb3 Rc3 26. Nc5 Qa2 27. Qd1 Qxc2 28. Qxc2 Rxc2 29. Rxb4 Nc6 30. Rb1 Nxd4 31. Bd1 Rxc5 0-1

[Event "Treviso op-B 27th"]
[Site "Treviso"]
[Date "2003.12.08"]
[Round "5.19"]
[White "De Col, Daniele"]
[Black "Borghi, Bruno"]
[Result "0-1"]
[WhiteElo "1500"]
[BlackElo "1567"]
[PlyCount "76"]
[EventDate "2003.12.06"]
[EventType "swiss"]
[EventRounds "5"]
[EventCountry "ITA"]
[SourceTitle "EXT 2024"]
[Source "ChessBase"]
[SourceDate "2023.10.10"]
[SourceVersion "1"]
[SourceVersionDate "2023.10.10"]
[SourceQuality "1"]

1. Nf3 d5 2. d3 Nc6 3. g3 e5 4. Nbd2 Nf6 5. Bg2 Be7 6. 0-0 0-0 7. Re1 Bg4 8. c4 dxc4 9. Nxc4 e4 10. Nfe5 Nxe5 11. Nxe5 exd3 12. Nxg4 Nxg4 13. exd3 Nf6 14. Bxb7 Rb8 15. Ba6 Re8 16. b3 Bb4 17. Re2 Qd6 18. a3 Qxa6 19. Bb2 Bd6 20. Bxf6 gxf6 21. b4 Qc6 22. Rc1 Qd5 23. Rc4 Re5 24. Rce4 Rxe4 25. Rxe4 f5 26. Rh4 Qe6 27. Qh5 Qg6 28. Qf3 Re8 29. g4 Qg5 30. Qh3 Qg6 31. Kf1 Re5 32. gxf5 Rxf5 33. Rh6 Qg7 34. Rxd6 Qa1+ 35. Kg2 Rg5+ 36. Kf3 cxd6 37. Qh4 Qf6+ 38. Ke2 Re5+ 0-1